000 00376nam a2200157Ia 4500
008 230917s9999||||xx |||||||||||||| ||und||
020 _cPON12
040 _e22502
_aMAIN
041 _aEnglish
082 _a301.11 R59M
100 _aRock, Paul
245 0 _aMaking of symbolic interactionism
260 _aLondon
_bMacmillan
_c1979
300 _axiii,968 p.
942 _cBK
999 _c226402
_d226402